000 00353nam a2200121Ia 4500
008 240731s9999 xx 000 0 und d
022 _a1542-3484
245 0 _aFood and Foodways : Explorations in the History and Culture of Human Nourishment
260 _bRoutledge
856 _uhttps://www.tandfonline.com/loi/gfof20
942 _2ddc
942 _cTFEJ
999 _c76649
_d76649
945 _a1
_bMadushi Gamage
_c1
_dMadushi Gamage